| 000 | 00596nam a2200169Ia 4500 | ||
|---|---|---|---|
| 999 |
_c14894 _d14894 |
||
| 082 | _aRR 423 YUL-; | ||
| 100 | _aYule, Henry | ||
| 245 | 0 |
_aHobson - Jobson: _ba glossary of colloquiql anglo-Indian words and phrases,and of kindred terms,etymological,historical,geographical and discursive |
|
| 260 |
_aNew Delhi _bMunshiram Manoharlal Publishers _c1984 |
||
| 300 | _axlviii, 1021p. | ||
| 504 | _aRef.book | ||
| 650 | _aLanguages, Mixed - Terms and phrases | ||
| 650 | _aLanguages, Mixed - Glossaries, Vocabularies, etc | ||
| 650 | _aHobson - Jobson | ||
| 700 | _aBurnell, A.C. | ||
| 942 | _cBK | ||